000 00330nam a22001337a 4500
008 230621b xxu||||| |||| 00| 0 eng d
020 _a0566007363
082 _22
_a328.3
_bIPU 1986
245 _aParliaments of the World
260 _aEngland
_bGower Publishing Company
_c1986
300 _a1422p
440 _vII
942 _2ddc
_cBK
999 _c2119
_d2119